Orgullo y prejuicio / Jane Austen

שמור ב:
מידע ביבליוגרפי
מחבר ראשי: Austen, Jane
פורמט: ספר
שפה:Spanish
יצא לאור: San José, Costa Rica Editorial Costa Rica 1980
נושאים:
תגים: הוספת תג
אין תגיות, היה/י הראשונ/ה לתייג את הרשומה!

MARC

LEADER 00000nam a2200000Ia 4500
008 170316s9999 xx 000 0 spa d
040 |a cru BVZT 
090 |a 820 A-8or 
100 |a Austen, Jane 
245 |a Orgullo y prejuicio / Jane Austen 
260 |a San José, Costa Rica 
260 |b Editorial Costa Rica 
260 |c 1980 
300 |a 235 páginas 
650 |a LITERATURA INGLESA 
650 |a NOVELA 
942 |c 15 D 
999 |c 15098  |d 15098